<?xml version="1.0" encoding="UTF-8"?>
<record
    xmlns:xsi="http://www.w3.org/2001/XMLSchema-instance"
    xsi:schemaLocation="http://www.loc.gov/MARC21/slim http://www.loc.gov/standards/marcxml/schema/MARC21slim.xsd"
    xmlns="http://www.loc.gov/MARC21/slim">

  <leader>01035nam a2200229Ia 4500</leader>
  <datafield tag="999" ind1=" " ind2=" ">
    <subfield code="c">53192</subfield>
    <subfield code="d">53192</subfield>
  </datafield>
  <controlfield tag="001">20233</controlfield>
  <controlfield tag="003">GE_BSU</controlfield>
  <controlfield tag="005">20200630143748.0</controlfield>
  <controlfield tag="008">181216s1996||||ge |||||||||||||| ||geo||</controlfield>
  <datafield tag="040" ind1=" " ind2=" ">
    <subfield code="c">GE_BSU</subfield>
  </datafield>
  <datafield tag="041" ind1=" " ind2=" ">
    <subfield code="a">geo</subfield>
  </datafield>
  <datafield tag="080" ind1=" " ind2=" ">
    <subfield code="a">811.353.1-8(075.8) &#x10DB;-74</subfield>
  </datafield>
  <datafield tag="100" ind1=" " ind2=" ">
    <subfield code="a">&#x10DB;&#x10D8;&#x10E5;&#x10D8;&#x10D0;&#x10E8;&#x10D5;&#x10D8;&#x10DA;&#x10D8;, &#x10DD;&#x10D7;&#x10D0;&#x10E0;</subfield>
    <subfield code="9">8915</subfield>
  </datafield>
  <datafield tag="245" ind1=" " ind2=" ">
    <subfield code="a">&#x10E5;&#x10D0;&#x10E0;&#x10D7;&#x10E3;&#x10DA;&#x10D8; &#x10D4;&#x10DC;&#x10D0; :</subfield>
    <subfield code="b">&#x10E1;&#x10D0;&#x10EE;&#x10D4;&#x10DA;&#x10DB;&#x10EB;&#x10E6;&#x10D0;&#x10DC;&#x10D4;&#x10DA;&#x10DD;-&#x10D9;&#x10DD;&#x10DC;&#x10E1;&#x10DE;&#x10D4;&#x10E5;&#x10E2;&#x10D8; &#x10E1;&#x10D0;&#x10EE;&#x10D4;&#x10DA;&#x10DB;&#x10EC;&#x10D8;&#x10E4;&#x10DD; &#x10D2;&#x10D0;&#x10DB;&#x10DD;&#x10EA;&#x10D3;&#x10D4;&#x10D1;&#x10D8;&#x10E1;&#x10D0;&#x10D7;&#x10D5;&#x10D8;&#x10E1; /</subfield>
    <subfield code="c">&#x10DD;&#x10D7;&#x10D0;&#x10E0;  &#x10DB;&#x10D8;&#x10E5;&#x10D8;&#x10D0;&#x10E8;&#x10D5;&#x10D8;&#x10DA;&#x10D8; ;  &#x10E0;&#x10D4;&#x10D3;. : &#x10DC;. &#x10DA;&#x10D4;&#x10DB;&#x10DD;&#x10DC;&#x10EF;&#x10D0;&#x10D5;&#x10D0;, &#x10DB;. &#x10DC;&#x10D0;&#x10ED;&#x10E7;&#x10D4;&#x10D1;&#x10D8;&#x10D0;.</subfield>
  </datafield>
  <datafield tag="264" ind1=" " ind2=" ">
    <subfield code="a">&#x10D7;&#x10D1;&#x10D8;&#x10DA;&#x10D8;&#x10E1;&#x10D8; :</subfield>
    <subfield code="b">&#x10D8;&#x10DC;&#x10E2;&#x10D4;&#x10DA;&#x10D4;&#x10E5;&#x10E2;&#x10D8;,</subfield>
    <subfield code="c">1996.</subfield>
  </datafield>
  <datafield tag="300" ind1=" " ind2=" ">
    <subfield code="a">288 &#x10D2;&#x10D5;. ; </subfield>
    <subfield code="c">20 &#x10E1;&#x10DB;.</subfield>
  </datafield>
  <datafield tag="541" ind1=" " ind2=" ">
    <subfield code="h">10 &#x10DA;.</subfield>
  </datafield>
  <datafield tag="653" ind1=" " ind2=" ">
    <subfield code="a">&#x10E5;&#x10D0;&#x10E0;&#x10D7;&#x10E3;&#x10DA;&#x10D8; &#x10D4;&#x10DC;&#x10D0;</subfield>
  </datafield>
  <datafield tag="700" ind1=" " ind2=" ">
    <subfield code="a">&#x10DA;&#x10D4;&#x10DB;&#x10DD;&#x10DC;&#x10EF;&#x10D0;&#x10D5;&#x10D0;, &#x10DC;.</subfield>
    <subfield code="e">&#x10E0;&#x10D4;&#x10D3;&#x10D0;&#x10E5;&#x10E2;&#x10DD;&#x10E0;&#x10D8;</subfield>
    <subfield code="9">8916</subfield>
  </datafield>
  <datafield tag="700" ind1=" " ind2=" ">
    <subfield code="a">&#x10DC;&#x10D0;&#x10ED;&#x10E7;&#x10D4;&#x10D1;&#x10D8;&#x10D0;, &#x10DB;. </subfield>
    <subfield code="e">&#x10E0;&#x10D4;&#x10D3;&#x10D0;&#x10E5;&#x10E2;&#x10DD;&#x10E0;&#x10D8;</subfield>
    <subfield code="9">8917</subfield>
  </datafield>
  <datafield tag="942" ind1=" " ind2=" ">
    <subfield code="c">BK</subfield>
    <subfield code="2">udc</subfield>
  </datafield>
  <datafield tag="952" ind1=" " ind2=" ">
    <subfield code="0">0</subfield>
    <subfield code="1">0</subfield>
    <subfield code="2">udc</subfield>
    <subfield code="4">0</subfield>
    <subfield code="6">811353180758_&#x10DB;74</subfield>
    <subfield code="7">0</subfield>
    <subfield code="9">74746</subfield>
    <subfield code="a">CPL</subfield>
    <subfield code="b">CPL</subfield>
    <subfield code="c">GEN</subfield>
    <subfield code="d">2018-12-17</subfield>
    <subfield code="g">6.00</subfield>
    <subfield code="o">811.353.1-8(075.8) &#x10DB;-74</subfield>
    <subfield code="p">52824</subfield>
    <subfield code="r">2018-12-17</subfield>
    <subfield code="t">52824</subfield>
    <subfield code="w">2018-12-17</subfield>
    <subfield code="y">BK</subfield>
    <subfield code="z">6.00 &#x10DA;.</subfield>
  </datafield>
  <datafield tag="952" ind1=" " ind2=" ">
    <subfield code="0">0</subfield>
    <subfield code="1">0</subfield>
    <subfield code="2">udc</subfield>
    <subfield code="4">0</subfield>
    <subfield code="6">811353180758_&#x10DB;74</subfield>
    <subfield code="7">0</subfield>
    <subfield code="9">74747</subfield>
    <subfield code="a">CPL</subfield>
    <subfield code="b">CPL</subfield>
    <subfield code="c">GEN</subfield>
    <subfield code="d">2018-12-17</subfield>
    <subfield code="g">10.00</subfield>
    <subfield code="o">811.353.1-8(075.8) &#x10DB;-74</subfield>
    <subfield code="p">55761</subfield>
    <subfield code="r">2018-12-17</subfield>
    <subfield code="t">55761</subfield>
    <subfield code="w">2018-12-17</subfield>
    <subfield code="y">BK</subfield>
    <subfield code="z">10.00 &#x20BE;.</subfield>
  </datafield>
  <datafield tag="952" ind1=" " ind2=" ">
    <subfield code="0">0</subfield>
    <subfield code="1">0</subfield>
    <subfield code="2">udc</subfield>
    <subfield code="4">0</subfield>
    <subfield code="6">811353180758_&#x10DB;74</subfield>
    <subfield code="7">0</subfield>
    <subfield code="9">74748</subfield>
    <subfield code="a">CPL</subfield>
    <subfield code="b">CPL</subfield>
    <subfield code="c">GEN</subfield>
    <subfield code="d">2018-12-17</subfield>
    <subfield code="g">10.00</subfield>
    <subfield code="o">811.353.1-8(075.8) &#x10DB;-74</subfield>
    <subfield code="p">55762</subfield>
    <subfield code="r">2018-12-17</subfield>
    <subfield code="t">55762</subfield>
    <subfield code="w">2018-12-17</subfield>
    <subfield code="y">BK</subfield>
    <subfield code="z">10.00 &#x20BE;.</subfield>
  </datafield>
  <datafield tag="952" ind1=" " ind2=" ">
    <subfield code="0">0</subfield>
    <subfield code="1">0</subfield>
    <subfield code="2">udc</subfield>
    <subfield code="4">0</subfield>
    <subfield code="6">811353180758_&#x10DB;74</subfield>
    <subfield code="7">0</subfield>
    <subfield code="9">74749</subfield>
    <subfield code="a">CPL</subfield>
    <subfield code="b">CPL</subfield>
    <subfield code="c">GEN</subfield>
    <subfield code="d">2018-12-17</subfield>
    <subfield code="g">10.00</subfield>
    <subfield code="o">811.353.1-8(075.8) &#x10DB;-74</subfield>
    <subfield code="p">55763</subfield>
    <subfield code="r">2018-12-17</subfield>
    <subfield code="t">55763</subfield>
    <subfield code="w">2018-12-17</subfield>
    <subfield code="y">BK</subfield>
    <subfield code="z">10.00 &#x20BE;.</subfield>
  </datafield>
  <datafield tag="952" ind1=" " ind2=" ">
    <subfield code="0">0</subfield>
    <subfield code="1">0</subfield>
    <subfield code="2">udc</subfield>
    <subfield code="4">0</subfield>
    <subfield code="6">811353180758_&#x10DB;74</subfield>
    <subfield code="7">0</subfield>
    <subfield code="9">74750</subfield>
    <subfield code="a">CPL</subfield>
    <subfield code="b">CPL</subfield>
    <subfield code="c">GEN</subfield>
    <subfield code="d">2018-12-17</subfield>
    <subfield code="g">10.00</subfield>
    <subfield code="o">811.353.1-8(075.8) &#x10DB;-74</subfield>
    <subfield code="p">55764</subfield>
    <subfield code="r">2018-12-17</subfield>
    <subfield code="t">55764</subfield>
    <subfield code="w">2018-12-17</subfield>
    <subfield code="y">BK</subfield>
    <subfield code="z">10.00 &#x20BE;.</subfield>
  </datafield>
  <datafield tag="952" ind1=" " ind2=" ">
    <subfield code="0">0</subfield>
    <subfield code="1">0</subfield>
    <subfield code="2">udc</subfield>
    <subfield code="4">0</subfield>
    <subfield code="6">811353180758_&#x10DB;74</subfield>
    <subfield code="7">0</subfield>
    <subfield code="9">74751</subfield>
    <subfield code="a">CPL</subfield>
    <subfield code="b">CPL</subfield>
    <subfield code="c">GEN</subfield>
    <subfield code="d">2018-12-17</subfield>
    <subfield code="g">10.00</subfield>
    <subfield code="o">811.353.1-8(075.8) &#x10DB;-74</subfield>
    <subfield code="p">55765</subfield>
    <subfield code="r">2018-12-17</subfield>
    <subfield code="t">55765</subfield>
    <subfield code="w">2018-12-17</subfield>
    <subfield code="y">BK</subfield>
    <subfield code="z">10.00 &#x20BE;.</subfield>
  </datafield>
  <datafield tag="952" ind1=" " ind2=" ">
    <subfield code="0">0</subfield>
    <subfield code="1">0</subfield>
    <subfield code="2">udc</subfield>
    <subfield code="4">0</subfield>
    <subfield code="6">811353180758_&#x10DB;74</subfield>
    <subfield code="7">0</subfield>
    <subfield code="9">74752</subfield>
    <subfield code="a">CPL</subfield>
    <subfield code="b">CPL</subfield>
    <subfield code="c">GEN</subfield>
    <subfield code="d">2018-12-17</subfield>
    <subfield code="g">10.00</subfield>
    <subfield code="o">811.353.1-8(075.8) &#x10DB;-74</subfield>
    <subfield code="p">55766</subfield>
    <subfield code="r">2018-12-17</subfield>
    <subfield code="t">55766</subfield>
    <subfield code="w">2018-12-17</subfield>
    <subfield code="y">BK</subfield>
    <subfield code="z">10.00 &#x20BE;.</subfield>
  </datafield>
  <datafield tag="952" ind1=" " ind2=" ">
    <subfield code="0">0</subfield>
    <subfield code="1">0</subfield>
    <subfield code="2">udc</subfield>
    <subfield code="4">0</subfield>
    <subfield code="6">811353180758_&#x10DB;74</subfield>
    <subfield code="7">0</subfield>
    <subfield code="9">74753</subfield>
    <subfield code="a">CPL</subfield>
    <subfield code="b">CPL</subfield>
    <subfield code="c">GEN</subfield>
    <subfield code="d">2018-12-17</subfield>
    <subfield code="g">10.00</subfield>
    <subfield code="o">811.353.1-8(075.8) &#x10DB;-74</subfield>
    <subfield code="p">55767</subfield>
    <subfield code="r">2018-12-17</subfield>
    <subfield code="t">55767</subfield>
    <subfield code="w">2018-12-17</subfield>
    <subfield code="y">BK</subfield>
    <subfield code="z">10.00 &#x20BE;.</subfield>
  </datafield>
  <datafield tag="952" ind1=" " ind2=" ">
    <subfield code="0">0</subfield>
    <subfield code="1">0</subfield>
    <subfield code="2">udc</subfield>
    <subfield code="4">0</subfield>
    <subfield code="6">811353180758_&#x10DB;74</subfield>
    <subfield code="7">0</subfield>
    <subfield code="9">74754</subfield>
    <subfield code="a">CPL</subfield>
    <subfield code="b">CPL</subfield>
    <subfield code="c">GEN</subfield>
    <subfield code="d">2018-12-17</subfield>
    <subfield code="g">10.00</subfield>
    <subfield code="o">811.353.1-8(075.8) &#x10DB;-74</subfield>
    <subfield code="p">55768</subfield>
    <subfield code="r">2018-12-17</subfield>
    <subfield code="t">55768</subfield>
    <subfield code="w">2018-12-17</subfield>
    <subfield code="y">BK</subfield>
    <subfield code="z">10.00 &#x20BE;.</subfield>
  </datafield>
  <datafield tag="952" ind1=" " ind2=" ">
    <subfield code="0">0</subfield>
    <subfield code="1">0</subfield>
    <subfield code="2">udc</subfield>
    <subfield code="4">0</subfield>
    <subfield code="6">811353180758_&#x10DB;74</subfield>
    <subfield code="7">0</subfield>
    <subfield code="9">74755</subfield>
    <subfield code="a">CPL</subfield>
    <subfield code="b">CPL</subfield>
    <subfield code="c">GEN</subfield>
    <subfield code="d">2018-12-17</subfield>
    <subfield code="g">10.00</subfield>
    <subfield code="o">811.353.1-8(075.8) &#x10DB;-74</subfield>
    <subfield code="p">56230</subfield>
    <subfield code="r">2018-12-17</subfield>
    <subfield code="t">56230</subfield>
    <subfield code="w">2018-12-17</subfield>
    <subfield code="y">BK</subfield>
    <subfield code="z">10.00 &#x10DA;</subfield>
  </datafield>
</record>
